| 000 | 01156nam a22003017a 4500 | ||
|---|---|---|---|
| 005 | 20240530110427.0 | ||
| 008 | 150204s2011 ua g b 000 0 ara d | ||
| 017 |
_a2011/15147 _bمصر . دار الكتب المصرية |
||
| 020 | _a9776264426 | ||
| 040 | _aEG-CaGPL | ||
| 041 | 0 | _aara | |
| 082 | 0 | 4 |
_221 _a341.69\ _bى م |
| 100 | 0 | _aيوسف حسن يوسف | |
| 245 | 1 | 2 |
_aالمحاكمات الدولية المعاصرة : _bلمجرمى الحرب و التطهير العرقى و جرائم الابادة / _cيوسف حسن يوسف |
| 250 | _aط1 | ||
| 260 |
_aالقاهرة : _bالمركز القومى للاصدارات القانونية ، _c2011 |
||
| 300 |
_a762 ص ؛ _c24 سم |
||
| 504 | _aببليوجرافية : ص 744 - 751 | ||
| 650 | 0 | 4 | _aالمحاكم الدولية |
| 650 | 0 | 4 | _aجرائم ضد الانسانية |
| 650 | 0 | 4 | _aابادة الشعوب |
| 650 | 0 | 4 | _aمحاكمات جرائم الحرب |
| 650 | 0 | 4 | _aالجرائم الدولية |
| 650 | 0 | 4 | _aجرائم الحرب |
| 650 | 0 | 4 | _aالجريمة و المجرمون |
| 942 |
_2ddc _cBK |
||
| 999 |
_c60764 _d60764 |
||